Vybrané problémy plánovania a koordinácie výskumu SPEV 905 - 145 - 201. SPEV 905 - 145 - 201

Guardado en:
Detalles Bibliográficos
Formato: Libro
Lenguaje:eslovaco
Publicado: Bratislava Výskumný ústav sociálno-ekonomických informácií a automatizácie v riadení 1987
Edición:1. vyd.
Colección:Výskumné práce č. 72
Etiquetas: Agregar Etiqueta
Sin Etiquetas, Sea el primero en etiquetar este registro!

MARC

LEADER 00000nam a2200000 4500
001 c025821
005 20221219095416.6
041 0 |a slo 
044 |a SK 
245 1 0 |a Vybrané problémy plánovania a koordinácie výskumu  |b SPEV 905 - 145 - 201. SPEV 905 - 145 - 201 
250 |a 1. vyd. 
264 1 |a Bratislava  |b Výskumný ústav sociálno-ekonomických informácií a automatizácie v riadení  |c 1987 
300 |a 64 s. 
490 1 |a Výskumné práce  |v č. 72 
830 0 |a Výskumné práce  |v č. 72